[Event "SWE-ch Masters"]
[Site "Uppsala"]
[Date "2022.07.05"]
[Round "4"]
[White "Eriksson, Daniel"]
[Black "Lundberg, David"]
[Result "1-0"]
[WhiteElo "2246"]
[BlackElo "2219"]
[PlyCount "75"]
[EventDate "2022.07.02"]
[EventType "swiss"]
[EventRounds "9"]
[EventCountry "SWE"]
[SourceTitle "EXT 2024"]
[Source "ChessBase"]
[SourceDate "2023.10.10"]
[SourceVersion "1"]
[SourceVersionDate "2023.10.10"]
[SourceQuality "1"]

1. e4 e5 2. Nf3 Nc6 3. d4 exd4 4. Nxd4 Nf6 5. Nxc6 bxc6 6. e5 Qe7 7. Qe2 Nd5 8. c4 Nb6 9. Nc3 Ba6 10. b3 0-0-0 11. Bb2 Re8 12. f4 f6 13. Ne4 d5 14. Nd2 dxc4 15. Qe4 fxe5 16. fxe5 Qe6 17. Be2 Kb7 18. 0-0 Bc5+ 19. Kh1 Qd5 20. Qc2 Bd4 21. Bxd4 Qxd4 22. Nf3 Qc5 23. bxc4 h6 24. Qg6 Re7 25. Rad1 Rf8 26. Rfe1 Rf4 27. g3 Rf8 28. Qe4 Rfe8 29. Bf1 Kb8 30. Nd4 Bb7 31. e6 Ka8 32. Bg2 a5 33. Rb1 Qxc4 34. Rb5 Qa4 35. Rc5 Qb4 36. Rec1 a4 37. a3 Rxe6 38. Qxe6 1-0

[Event "SWE-chT 1718 Elite"]
[Site "Sweden"]
[Date "2018.03.17"]
[Round "8.4"]
[White "Pantzar, Milton"]
[Black "Lundberg, David"]
[Result "1-0"]
[WhiteElo "2229"]
[BlackElo "2190"]
[PlyCount "99"]
[EventDate "2017.10.20"]
[EventType "team-tourn"]
[EventRounds "9"]
[EventCountry "SWE"]
[SourceTitle "EXT 2019"]
[Source "ChessBase"]
[SourceDate "2018.10.10"]
[SourceVersion "1"]
[SourceVersionDate "2018.10.10"]
[SourceQuality "1"]
[WhiteTeam "Viking Team"]
[BlackTeam "Lunds"]
[WhiteTeamCountry "SWE"]
[BlackTeamCountry "SWE"]

1. c4 c5 2. Nf3 Nf6 3. Nc3 e6 4. e3 Be7 5. d4 cxd4 6. exd4 0-0 7. Bd3 d5 8. c5 Nc6 9. a3 a5 10. Na4 Nd7 11. 0-0 g6 12. Bf4 Bf6 13. Bb5 Re8 14. Re1 Bg7 15. Bd6 f6 16. Qd2 Na7 17. Bxd7 Bxd7 18. Nb6 Nc8 19. Nxa8 Nxd6 20. cxd6 Qxa8 21. Rac1 Bc6 22. Rc5 a4 23. Rc3 Qd8 24. Qf4 Bf8 25. Qg4 Qxd6 26. h4 Bg7 27. h5 g5 28. Nh4 h6 29. Ng6 f5 30. Qd1 g4 31. Ne5 Bxe5 32. Rxe5 Qe7 33. Rce3 Qf7 34. Qe2 Bd7 35. Rc3 Bc6 36. f3 gxf3 37. Rxf3 Kh7 38. Rg3 Bd7 39. Rg6 Rg8 40. Rxg8 Kxg8 41. Re3 Qf6 42. Qf2 Be8 43. Qf4 Bxh5 44. Rh3 Bg6 45. Rxh6 Kg7 46. Rh3 Be8 47. Kf2 Bc6 48. Qh4 Qxh4+ 49. Rxh4 Kf6 50. Rh6+ 1-0

[Event "Lund Lask op"]
[Site "Lund"]
[Date "2016.11.15"]
[Round "5"]
[White "Kucuksari, Kaan"]
[Black "Lundberg, David"]
[Result "1/2-1/2"]
[WhiteElo "2102"]
[BlackElo "2180"]
[PlyCount "128"]
[EventDate "2016.10.04"]
[EventType "swiss"]
[EventRounds "7"]
[EventCountry "SWE"]
[SourceTitle "EXT 2019"]
[Source "ChessBase"]
[SourceDate "2018.10.10"]
[SourceVersion "1"]
[SourceVersionDate "2018.10.10"]
[SourceQuality "1"]

1. d4 Nf6 2. Nf3 c5 3. d5 e6 4. c4 d6 5. Nc3 exd5 6. cxd5 g6 7. Bf4 a6 8. a4 Bg7 9. h3 0-0 10. e3 Qe7 11. Be2 Nbd7 12. 0-0 Ne8 13. Nd2 f5 14. Nc4 Rb8 15. a5 g5 16. Bh2 Ne5 17. Bxe5 Bxe5 18. Nxe5 Qxe5 19. Qb3 f4 20. exf4 gxf4 21. Bf3 Nf6 22. Rfe1 Qg5 23. Kh2 Bf5 24. Qb6 Qh6 25. Re2 Nd7 26. Qb3 Ne5 27. Rxe5 dxe5 28. d6+ Kh8 29. Qd5 Qf6 30. Re1 Rfe8 31. Qxc5 Rbd8 32. Bxb7 Qxd6 33. Qxd6 Rxd6 34. Na4 Bd3 35. Nc5 Bb5 36. Rc1 Rb8 37. Rc2 Kg7 38. Rc3 Kf7 39. Ne4 Rd7 40. Bc8 Ra7 41. Bf5 h6 42. Rc5 Re7 43. Rd5 Be2 44. Rd6 Rxb2 45. Rxh6 Kg8 46. Rg6+ Rg7 47. Re6 Bf1 48. Bg6 Rxg6 49. Rxg6+ Kf7 50. Rb6 Ra2 51. Rb1 Bd3 52. Rb7+ Kg6 53. Rb6+ Kg7 54. Nc5 Bc4 55. Rb7+ Kg6 56. Nxa6 Rxa5 57. Nc7 Ra2 58. Rb6+ Kg7 59. Ne8+ Kf8 60. Nd6 Bd3 61. Kg1 Ra1+ 62. Kh2 Ra2 63. Kg1 Ra1+ 64. Kh2 Ra2 1/2-1/2

[Event "Lund CellaVision Cup"]
[Site "Lund"]
[Date "2016.08.06"]
[Round "5"]
[White "Lundberg, David"]
[Black "Epishin, Vladimir"]
[Result "0-1"]
[WhiteElo "2176"]
[BlackElo "2557"]
[PlyCount "120"]
[EventDate "2016.08.05"]
[EventType "swiss"]
[EventRounds "8"]
[EventCountry "SWE"]
[SourceTitle "CBM 173 Extra"]
[Source "ChessBase"]
[SourceDate "2016.08.29"]
[SourceVersion "1"]
[SourceVersionDate "2016.08.29"]
[SourceQuality "1"]

1. e4 c5 2. Nf3 e6 3. g3 b6 4. Bg2 Bb7 5. Qe2 d6 6. 0-0 Nd7 7. c3 Ngf6 8. d3 Be7 9. Nbd2 0-0 10. Re1 Qc7 11. a3 Rfe8 12. Rb1 a5 13. b3 Bf8 14. Bb2 e5 15. c4 a4 16. b4 cxb4 17. axb4 a3 18. Bc3 b5 19. Rec1 Qb6 20. Rb3 Ra4 21. Ra1 Rea8 22. Ra2 Bc6 23. h3 g6 24. Qd1 Bh6 25. Qa1 Qa7 26. cxb5 Bxb5 27. d4 Nh5 28. Bf1 Bxf1 29. Kxf1 Bg7 30. dxe5 Nxe5 31. Nxe5 dxe5 32. Bxe5 Bf8 33. Bc3 Ng7 34. Kg2 Ne6 35. Nc4 Ng5 36. Qe1 Qd7 37. Qe3 Qxh3+ 38. Kg1 Qg4 39. Nd2 Bg7 40. Bxg7 Kxg7 41. Kg2 Rc8 42. Ra1 a2 43. Rb2 h5 44. Qf4 Qxf4 45. gxf4 Ne6 46. f5 gxf5 47. exf5 Nf4+ 48. Kf3 Nd3 49. Rbxa2 Rxb4 50. Ra4 Ne5+ 51. Ke2 Rb2 52. R1a2 Rcc2 53. Rxb2 Rxb2 54. Rd4 Kf6 55. f4 Ng4 56. Rd5 Ra2 57. Ke1 Ra4 58. Nf3 Rxf4 59. Nd4 Ne3 60. Rd8 Rxd4 0-1

[Event "Taastrup Quick Weekend-A 14th"]
[Site "Taastrup"]
[Date "2011.09.30"]
[Round "1"]
[White "Sorensen, Dick"]
[Black "Lundberg, David"]
[Result "1/2-1/2"]
[WhiteElo "1982"]
[BlackElo "2104"]
[PlyCount "113"]
[EventDate "2011.09.30"]
[EventType "tourn"]
[EventRounds "5"]
[EventCountry "DEN"]
[SourceTitle "EXT 2019"]
[Source "ChessBase"]
[SourceDate "2018.10.10"]
[SourceVersion "1"]
[SourceVersionDate "2018.10.10"]
[SourceQuality "1"]

1. d4 f5 2. Nf3 Nf6 3. c4 g6 4. Nc3 Bg7 5. g3 0-0 6. Bg2 d6 7. 0-0 Qe8 8. d5 a5 9. Nd4 Na6 10. b3 Bd7 11. h3 h6 12. e3 g5 13. Bb2 Qg6 14. Qc2 h5 15. Ne6 Bxe6 16. dxe6 c6 17. Ne2 Nc5 18. a3 Nxe6 19. b4 axb4 20. axb4 Rac8 21. Ra7 Nd8 22. Rfa1 e5 23. c5 e4 24. cxd6 Nd5 25. Bxg7 Qxg7 26. b5 Qe5 27. d7 Rc7 28. bxc6 Nxc6 29. Ra8 Rxd7 30. Rxf8+ Kxf8 31. Ra8+ Kg7 32. Nd4 Qf6 33. Qc5 Nde7 34. Qb5 Qe5 35. Qe2 Kg6 36. g4 hxg4 37. hxg4 Nxd4 38. exd4 Rxd4 39. gxf5+ Nxf5 40. Bh3 Nh4 41. Bg4 Qd5 42. Qc2 Rd2 43. Qb1 Kg7 44. Ra7 Ng6 45. Rxb7+ Kh6 46. Rd7 Qa5 47. Rxd2 Qxd2 48. Qxe4 Qc1+ 49. Kh2 Qc7+ 50. Kg1 Nf4 51. Qe3 Qd6 52. Qe8 Qf6 53. Qa8 Kg7 54. Qa7+ Kf8 55. Qa3+ Qe7 56. Qxe7+ Kxe7 57. f3 1/2-1/2

[Event "SWE-chC op"]
[Site "Lund"]
[Date "2010.07.05"]
[Round "3"]
[White "Karle, Max"]
[Black "Lundberg, David"]
[Result "1/2-1/2"]
[WhiteElo "2079"]
[BlackElo "2102"]
[PlyCount "50"]
[EventDate "2010.07.03"]
[EventType "swiss"]
[EventRounds "9"]
[EventCountry "SWE"]
[SourceTitle "CBM 137 Extra"]
[Source "ChessBase"]
[SourceDate "2010.09.01"]
[SourceVersion "1"]
[SourceVersionDate "2010.09.01"]
[SourceQuality "1"]

1. d4 d5 2. Nf3 Nf6 3. c4 c6 4. e3 e6 5. Nbd2 Nbd7 6. b3 Bd6 7. Bb2 0-0 8. Bd3 b6 9. 0-0 Bb7 10. Rc1 Re8 11. Ne5 Rc8 12. Qe2 Bb8 13. b4 Nxe5 14. dxe5 Nd7 15. f4 f5 16. g4 g6 17. c5 Qe7 18. Bd4 Bc7 19. gxf5 gxf5 20. Rf2 Qf7 21. Nf3 h6 22. Kh1 Kh7 23. Ba6 Bxa6 24. Qxa6 bxc5 25. Bxc5 Bb6 1/2-1/2

[Event "SWE-chB"]
[Site "Vadso"]
[Date "2008.07.11"]
[Round "13"]
[White "Lundberg, David"]
[Black "Westerberg, Jonathan"]
[Result "1/2-1/2"]
[WhiteElo "2022"]
[BlackElo "1896"]
[PlyCount "87"]
[EventDate "2008.06.28"]
[EventType "tourn"]
[EventRounds "13"]
[EventCountry "SWE"]
[SourceTitle "CBM 125 Extra"]
[Source "ChessBase"]
[SourceDate "2008.09.01"]
[SourceVersion "1"]
[SourceVersionDate "2008.09.01"]
[SourceQuality "1"]

1. c4 e6 2. Nc3 c5 3. Nf3 Nc6 4. g3 Nf6 5. Bg2 d5 6. cxd5 Nxd5 7. 0-0 Nc7 8. d3 Be7 9. a3 0-0 10. Rb1 e5 11. Be3 Be6 12. Nd2 Qd7 13. Qa4 Nd5 14. Nxd5 Bxd5 15. Bxd5 Qxd5 16. Rfc1 Nd4 17. Bxd4 exd4 18. Qb3 Qd7 19. Rc2 Kh8 20. Qa2 a5 21. Ne4 b6 22. Qb3 f5 23. Nd2 Rf6 24. f4 a4 25. Qa2 Re6 26. Nf3 Bf6 27. b4 axb3 28. Rxb3 Rae8 29. Rbb2 Qd8 30. h4 h6 31. h5 Qa8 32. Qb1 Qc6 33. Ra2 R8e7 34. Kf2 Ra7 35. Qb3 Re8 36. Rcb2 Rb8 37. Qb5 Qe6 38. a4 Rab7 39. Qb3 Qd6 40. Qc4 Qd7 41. Rb5 g5 42. hxg6 Qe8 43. Qd5 Qxg6 44. Rb1 1/2-1/2

[Event "SWE-chB"]
[Site "Vadso"]
[Date "2008.07.04"]
[Round "7"]
[White "Lundberg, David"]
[Black "Rouhani, Arash"]
[Result "0-1"]
[WhiteElo "2022"]
[BlackElo "1995"]
[PlyCount "64"]
[EventDate "2008.06.28"]
[EventType "tourn"]
[EventRounds "13"]
[EventCountry "SWE"]
[SourceTitle "CBM 125 Extra"]
[Source "ChessBase"]
[SourceDate "2008.09.01"]
[SourceVersion "1"]
[SourceVersionDate "2008.09.01"]
[SourceQuality "1"]

1. e4 c5 2. Nf3 d6 3. d4 cxd4 4. Nxd4 Nf6 5. Nc3 Nc6 6. Bg5 e6 7. Qd2 Be7 8. 0-0-0 0-0 9. f3 Nxd4 10. Qxd4 a6 11. g4 Qa5 12. Be3 b5 13. Kb1 Nd7 14. Qd2 b4 15. Ne2 Bb7 16. Nf4 Ne5 17. Be2 Rac8 18. h4 Nc4 19. Bxc4 Rxc4 20. g5 Rfc8 21. Rc1 d5 22. exd5 e5 23. Nd3 Qxd5 24. h5 a5 25. g6 Bf6 26. Bg5 e4 27. Bxf6 exd3 28. gxh7+ Kxh7 29. h6 gxf6 30. Qg2 Qg5 31. Qh3 Rxc2 32. Rcg1 d2 0-1

[Event "SWE-chB"]
[Site "Vadso"]
[Date "2008.07.03"]
[Round "6"]
[White "Gajic, Mladen"]
[Black "Lundberg, David"]
[Result "1/2-1/2"]
[WhiteElo "2152"]
[BlackElo "2022"]
[PlyCount "83"]
[EventDate "2008.06.28"]
[EventType "tourn"]
[EventRounds "13"]
[EventCountry "SWE"]
[SourceTitle "CBM 125 Extra"]
[Source "ChessBase"]
[SourceDate "2008.09.01"]
[SourceVersion "1"]
[SourceVersionDate "2008.09.01"]
[SourceQuality "1"]

1. e4 c5 2. Nf3 d6 3. Bb5+ Bd7 4. Bxd7+ Qxd7 5. 0-0 Nf6 6. Re1 Nc6 7. c3 e6 8. d4 cxd4 9. cxd4 d5 10. e5 Ne4 11. Ng5 Nxg5 12. Bxg5 Bb4 13. Re3 h6 14. Rh3 Ne7 15. a3 Ba5 16. Bxe7 Kxe7 17. Nc3 b5 18. Qg4 Rhg8 19. b4 Bb6 20. a4 a6 21. a5 Ba7 22. Nd1 Rac8 23. Rb1 Rc4 24. Rd3 Qc7 25. h3 Ke8 26. Rbb3 Qe7 27. Ne3 Qg5 28. Qxg5 hxg5 29. Rbc3 Rxc3 30. Rxc3 Kd7 31. Nc2 f6 32. exf6 gxf6 33. Kf1 e5 34. dxe5 fxe5 35. Rg3 Ke6 36. h4 Rf8 37. f3 gxh4 38. Rg7 Rf7 39. Rg6+ Rf6 40. Rg7 Rf7 41. Rg6+ Rf6 42. Rg7 1/2-1/2